Treasure Island / (Record no. 131122)
[ view plain ]
| 000 -LEADER | |
|---|---|
| fixed length control field | 00629nam a22002297a 4500 |
| 005 - DATE AND TIME OF LATEST TRANSACTION | |
| control field | 20170124110122.0 |
| 010 ## - LIBRARY OF CONGRESS CONTROL NUMBER | |
| LC control number | A-297309 |
| 020 ## - INTERNATIONAL STANDARD BOOK NUMBER | |
| Terms of availability | 00.00 |
| International Standard Book Number | 0600311686 |
| 035 ## - SYSTEM CONTROL NUMBER | |
| System control number | A-297309 |
| 037 ## - SOURCE OF ACQUISITION | |
| Source of stock number/acquisition | Cen Lib/Ret |
| 040 ## - CATALOGING SOURCE | |
| Original cataloging agency | DPL |
| Language of cataloging | EN |
| 082 ## - DEWEY DECIMAL CLASSIFICATION NUMBER | |
| Classification number | N |
| Item number | STE |
| 100 ## - MAIN ENTRY--PERSONAL NAME | |
| Personal name | Stevenson, Robert Louis |
| 9 (RLIN) | 30437 |
| 245 ## - TITLE STATEMENT | |
| Title | Treasure Island / |
| Statement of responsibility, etc | by Robert Louis Stevenson |
| 246 ## - VARYING FORM OF TITLE | |
| Remainder of title | |
| 260 ## - PUBLICATION, DISTRIBUTION, ETC. (IMPRINT) | |
| Name of publisher, distributor, etc | Hamlyn |
| Place of publication, distribution, etc | England |
| Date of publication, distribution, etc | 1986 |
| 270 ## - ADDRESS | |
| City | England |
| Address | Bridge House, London Road |
| 300 ## - PHYSICAL DESCRIPTION | |
| Extent | 207p. : |
| Dimensions | 22cm(Hb) |
| Other physical details | ill. |
| 650 ## - SUBJECT ADDED ENTRY--TOPICAL TERM | |
| Topical term or geographic name as entry element | Treasure troves -- Fiction |
| 9 (RLIN) | 30911 |
| 650 ## - SUBJECT ADDED ENTRY--TOPICAL TERM | |
| Topical term or geographic name as entry element | Pirates -- Fiction |
| 9 (RLIN) | 30912 |
| 942 ## - ADDED ENTRY ELEMENTS (KOHA) | |
| Source of classification or shelving scheme | Dewey Decimal Classification |
| Koha item type | English Books |
| Classification part | N |
| Call number suffix | STE |
| Withdrawn status | Lost status | Damaged status | Not for loan | Home library | Current library | Date acquired | Source of acquisition | Cost, normal purchase price | Total Checkouts | Full call number | Barcode | Date last seen | Copy number | Cost, replacement price | Price effective from | Koha item type | Public note |
|---|---|---|---|---|---|---|---|---|---|---|---|---|---|---|---|---|---|
| Written off | Central Library | Central Library | 13/07/2015 | Cen Lib/Ret | 0.00 | N STE | A-297309 | 13/07/2015 | 1 | 0.00 | 13/07/2015 | English Books | W/d List 8137/21; dtd 21/2/17 |
